Club qui son passer en ligue 1 - Statistiques

Statistiques générales
  • Ce quiz a été pris 489 fois
  • Le résultat moyen est 6 sur 12
Answers on the Grid
Answers color-coded by a green-red scale on the quiz's grid according to % correct below.
Lille
Sedan
Annecy
Paris FC
Brive-la-Gaillarde
Red Star
Brest
Gueugnon
Berrichonne de Châteauroux
Villefranche-Beaujolais
Guingamp
Dunkerque
Boulogne
Evian les Bains
St-Nazaire
Rodez
Bordeaux
Bastia
Orléans
Paris SG
 
Statistiques - réponses
Réponse % Correct
Lille
99%
Brest
67%
Paris FC
58%
Bordeaux
54%
Paris SG
54%
Sedan
54%
Guingamp
51%
Bastia
50%
Evian les Bains
33%
Boulogne
21%
Berrichonne de Châteauroux
16%
Gueugnon
16%
Aucun quiz correspondant
Distribution des résultats
% des personnes avec chaque résultat
Percentile par nombre de réponses
Votre historique - résultats
Vous n’avez pas pris ce quiz